[Event "Blitz 2018"]
[Site "Saint-Petersburg"]
[Date "2018.12.29"]
[Round "9"]
[Board "89"]
[White "Steinberg Nitzan (ISR)"]
[Black "Chen Qi B (CHN)"]
[Result "1-0"]
[BlackElo "2416"]
[WhiteElo "2447"]
[LiveChessVersion "1.4.8"]

1. e4 {[%clk 0:03:03]} e5 {[%clk 0:03:03]} 2. Nf3 {[%clk 0:03:03]} Nc6
{[%clk 0:03:04]} 3. Bb5 {[%clk 0:03:04]} Nf6 {[%clk 0:03:05]} 4. O-O
{[%clk 0:03:04]} Nxe4 {[%clk 0:03:06]} 5. Re1 {[%clk 0:03:05]} Nd6
{[%clk 0:03:07]} 6. a4 {[%clk 0:03:07]} Be7 {[%clk 0:03:04]} 7. Nc3
{[%clk 0:03:08]} O-O {[%clk 0:02:55]} 8. d4 {[%clk 0:03:09]} exd4
{[%clk 0:02:38]} 9. Nd5 {[%clk 0:03:10]} Re8 {[%clk 0:02:22]} 10. Bf4
{[%clk 0:03:06]} a6 {[%clk 0:02:16]} 11. Bd3 {[%clk 0:03:02]} b6 {[%clk 0:01:44]}
12. h4 {[%clk 0:02:23]} Bb7 {[%clk 0:01:36]} 13. Ng5 {[%clk 0:02:16]} g6
{[%clk 0:01:13]} 14. Qg4 {[%clk 0:02:03]} Bf8 {[%clk 0:00:44]} 15. h5
{[%clk 0:01:50]} Ne5 {[%clk 0:00:35]} 16. Rxe5 {[%clk 0:01:29]} Rxe5
{[%clk 0:00:36]} 17. Bxe5 {[%clk 0:01:30]} Bxd5 {[%clk 0:00:37]} 18. Nxh7
{[%clk 0:01:29]} Be6 {[%clk 0:00:15]} 19. Qg3 {[%clk 0:01:28]} Bg7
{[%clk 0:00:12]} 20. hxg6 {[%clk 0:01:21]} Bxe5 {[%clk 0:00:05]} 21. gxf7+
{[%clk 0:00:53]} Kxf7 {[%clk 0:00:06]} 22. Qg6+ {[%clk 0:00:51]} Ke7
{[%clk 0:00:07]} 23. Qg5+ {[%clk 0:00:52]} Kf7 {[%clk 0:00:06]} 24. Qxe5
{[%clk 0:00:49]} Qh8 {[%clk 0:00:05]} 25. Qh5+ {[%clk 0:00:44]} Ke7
{[%clk 0:00:05]} 26. Qg5+ {[%clk 0:00:45]} Kf7 {[%clk 0:00:03]} 27. Bg6+
{[%clk 0:00:45]} Kg7 {[%clk 0:00:04]} 28. Re1 {[%clk 0:00:29]} Nf7
{[%clk 0:00:05]} 29. Qg3 {[%clk 0:00:22]} Qg8 {[%clk 0:00:06]} 30. Re4
{[%clk 0:00:21]} Bd5 {[%clk 0:00:05]} 31. Rf4 {[%clk 0:00:15]} Nh6
{[%clk 0:00:05]} 32. Qg5 {[%clk 0:00:13]} Kh8 {[%clk 0:00:05]} 33. Qxh6
{[%clk 0:00:11]} Qg7 {[%clk 0:00:06]} 34. Qh5 {[%clk 0:00:10]} Kg8
{[%clk 0:00:05]} 35. Qxd5+ {[%clk 0:00:10]} 1-0

[Event "Blitz 2018"]
[Site "Saint-Petersburg"]
[Date "2018.12.29"]
[Round "9"]
[Board "90"]
[White "Vlassov Nikolai (RUS)"]
[Black "Sharma Dinesh K. (IND)"]
[Result "0-1"]
[BlackElo "2383"]
[WhiteElo "2438"]
[LiveChessVersion "1.4.8"]

1. e4 {[%clk 0:03:03]} e6 {[%clk 0:03:03]} 2. d4 {[%clk 0:03:04]} d5
{[%clk 0:03:04]} 3. exd5 {[%clk 0:03:05]} exd5 {[%clk 0:03:04]} 4. Nf3
{[%clk 0:03:06]} Nc6 {[%clk 0:03:05]} 5. Bd3 {[%clk 0:03:06]} Bd6
{[%clk 0:03:05]} 6. O-O {[%clk 0:03:06]} Bg4 {[%clk 0:03:04]} 7. c3
{[%clk 0:02:48]} Nge7 {[%clk 0:03:04]} 8. Re1 {[%clk 0:02:41]} Qd7
{[%clk 0:03:02]} 9. Nbd2 {[%clk 0:02:35]} f6 {[%clk 0:03:00]} 10. b4
{[%clk 0:02:28]} g5 {[%clk 0:02:42]} 11. a4 {[%clk 0:02:04]} h5 {[%clk 0:02:39]}
12. a5 {[%clk 0:02:05]} Bf5 {[%clk 0:02:08]} 13. Bf1 {[%clk 0:02:01]} Kf7
{[%clk 0:02:03]} 14. b5 {[%clk 0:02:01]} Nd8 {[%clk 0:01:59]} 15. c4
{[%clk 0:02:02]} dxc4 {[%clk 0:01:57]} 16. Bxc4+ {[%clk 0:01:58]} Kg7
{[%clk 0:01:54]} 17. Bb2 {[%clk 0:01:47]} h4 {[%clk 0:01:47]} 18. d5
{[%clk 0:01:44]} g4 {[%clk 0:01:26]} 19. Nd4 {[%clk 0:01:43]} g3 {[%clk 0:01:20]}
20. Qf3 {[%clk 0:01:32]} Bg4 {[%clk 0:01:14]} 21. Qc3 {[%clk 0:01:10]} gxf2+
{[%clk 0:01:11]} 22. Kxf2 {[%clk 0:01:11]} Rh6 {[%clk 0:00:53]} 23. Ne4
{[%clk 0:00:56]} Be5 {[%clk 0:00:54]} 24. Nc5 {[%clk 0:00:40]} Qd6
{[%clk 0:00:50]} 25. Ne4 {[%clk 0:00:26]} Qd7 {[%clk 0:00:42]} 26. Kg1
{[%clk 0:00:27]} Nxd5 {[%clk 0:00:38]} 27. Qb3 {[%clk 0:00:26]} Nf4
{[%clk 0:00:29]} 28. Nf3 {[%clk 0:00:21]} Bxb2 {[%clk 0:00:24]} 29. Qxb2
{[%clk 0:00:22]} Bxf3 {[%clk 0:00:24]} 30. gxf3 {[%clk 0:00:23]} Qh3
{[%clk 0:00:17]} 31. Nxf6 {[%clk 0:00:14]} Rxf6 {[%clk 0:00:09]} 32. Re7+
{[%clk 0:00:15]} Kg6 {[%clk 0:00:10]} 33. Qc2+ {[%clk 0:00:07]} Qf5
{[%clk 0:00:11]} 34. Qxf5+ {[%clk 0:00:07]} Kxf5 {[%clk 0:00:12]} 35. Rxc7
{[%clk 0:00:08]} Nde6 {[%clk 0:00:11]} 36. Rxb7 {[%clk 0:00:09]} Nd4
{[%clk 0:00:09]} 37. Kf2 {[%clk 0:00:11]} Re8 {[%clk 0:00:09]} 38. Ba2
{[%clk 0:00:09]} Re2+ {[%clk 0:00:08]} 39. Kf1 {[%clk 0:00:11]} Nxf3
{[%clk 0:00:08]} 40. Bb1+ {[%clk 0:00:12]} Kg5 {[%clk 0:00:07]} 41. Ra2
{[%clk 0:00:11]} Re1+ {[%clk 0:00:07]} 42. Kf2 {[%clk 0:00:12]} Nh3+
{[%clk 0:00:08]} 43. Kg2 {[%clk 0:00:13]} Rg1+ {[%clk 0:00:07]} 44. Kxh3
{[%clk 0:00:13]} Kf4 {[%clk 0:00:06]} 45. Ra4+ {[%clk 0:00:14]} Ke3
{[%clk 0:00:07]} 46. Re7+ {[%clk 0:00:15]} Kd2 {[%clk 0:00:08]} 47. Rxa7
{[%clk 0:00:14]} Rg8 {[%clk 0:00:06]} 48. Ra2+ {[%clk 0:00:15]} Kc1
{[%clk 0:00:07]} 49. Bh7 {[%clk 0:00:13]} Ng1+ {[%clk 0:00:07]} 50. Kxh4
{[%clk 0:00:14]} Rgf8 {[%clk 0:00:07]} 51. Rc2+ {[%clk 0:00:15]} Kd1
{[%clk 0:00:08]} 52. Rd7+ {[%clk 0:00:15]} Ke1 {[%clk 0:00:09]} 53. Rc1+
{[%clk 0:00:16]} Kf2 {[%clk 0:00:10]} 54. Rd2+ {[%clk 0:00:18]} Ke3
{[%clk 0:00:11]} 55. Rd3+ {[%clk 0:00:16]} Kf2 {[%clk 0:00:12]} 56. Rxg1
{[%clk 0:00:16]} Kxg1 {[%clk 0:00:12]} 57. a6 {[%clk 0:00:17]} Rh6+
{[%clk 0:00:12]} 58. Kg5 {[%clk 0:00:18]} Rxh7 {[%clk 0:00:13]} 59. b6
{[%clk 0:00:19]} Rg7+ 60. Kh6 Rg4 {[%clk 0:00:13]} 61. Rd1+ {[%clk 0:00:19]} Kxh2
{[%clk 0:00:13]} 62. Kh7 {[%clk 0:00:19]} Rf7+ {[%clk 0:00:12]} 63. Kh6
{[%clk 0:00:21]} Rf3 {[%clk 0:00:09]} 64. Rd5 {[%clk 0:00:21]} Rb4
{[%clk 0:00:07]} 65. a7 {[%clk 0:00:21]} Ra3 {[%clk 0:00:07]} 66. Rd2+
{[%clk 0:00:21]} Kg1 {[%clk 0:00:07]} 67. Rd6 {[%clk 0:00:19]} Ra6
{[%clk 0:00:06]} 68. Kg5 {[%clk 0:00:18]} Kf2 {[%clk 0:00:05]} 69. Kf5
{[%clk 0:00:19]} Ke3 {[%clk 0:00:06]} 70. Ke5 {[%clk 0:00:18]} Rb5+
{[%clk 0:00:06]} 71. Rd5 {[%clk 0:00:17]} Rbxb6 {[%clk 0:00:06]} 72. Rc5
{[%clk 0:00:17]} Rxa7 73. Rc3+ {[%clk 0:00:18]} Kd2 {[%clk 0:00:07]} 74. Rh3
{[%clk 0:00:20]} Ra5+ {[%clk 0:00:09]} 75. Kd4 {[%clk 0:00:21]} Rb4#
{[%clk 0:00:10]} 0-1

[Event "Blitz 2018"]
[Site "Saint-Petersburg"]
[Date "2018.12.29"]
[Round "9"]
[Board "91"]
[White "Zakhartsov Vladimir (RUS)"]
[Black "Zaitsev Alexander (RUS)"]
[Result "1/2-1/2"]
[BlackElo "2402"]
[WhiteElo "2567"]
[LiveChessVersion "1.4.8"]

1. e4 {[%clk 0:03:04]} e6 2. d4 d5 {[%clk 0:03:05]} 3. Nd2 {[%clk 0:03:06]} Be7
{[%clk 0:03:05]} 4. Bd3 {[%clk 0:03:08]} c5 {[%clk 0:03:07]} 5. dxc5
{[%clk 0:03:06]} Nf6 {[%clk 0:03:08]} 6. Qe2 {[%clk 0:03:06]} Nfd7
{[%clk 0:02:38]} 7. exd5 {[%clk 0:02:52]} exd5 {[%clk 0:02:39]} 8. Ngf3
{[%clk 0:02:52]} Nxc5 {[%clk 0:02:37]} 9. Bb5+ {[%clk 0:02:52]} Nc6
{[%clk 0:02:27]} 10. Ne5 {[%clk 0:02:33]} Qb6 {[%clk 0:02:16]} 11. O-O
{[%clk 0:02:27]} Be6 {[%clk 0:02:12]} 12. Ndf3 {[%clk 0:02:10]} O-O
{[%clk 0:02:12]} 13. Bxc6 {[%clk 0:02:05]} bxc6 {[%clk 0:02:13]} 14. Nd4
{[%clk 0:02:06]} Bf6 {[%clk 0:01:53]} 15. Nexc6 {[%clk 0:01:52]} Rfe8
{[%clk 0:01:53]} 16. Qb5 {[%clk 0:01:41]} Qxb5 {[%clk 0:01:13]} 17. Nxb5
{[%clk 0:01:42]} Bd7 {[%clk 0:01:14]} 18. Ncxa7 {[%clk 0:01:37]} Reb8
{[%clk 0:00:59]} 19. a4 {[%clk 0:01:20]} Nxa4 {[%clk 0:00:40]} 20. Bf4
{[%clk 0:01:20]} Rxb5 {[%clk 0:00:28]} 21. Nxb5 {[%clk 0:01:09]} Bxb5
{[%clk 0:00:30]} 22. Rfb1 {[%clk 0:00:58]} Rc8 {[%clk 0:00:30]} 23. c3
{[%clk 0:00:51]} g5 {[%clk 0:00:29]} 24. Be3 {[%clk 0:00:44]} Kg7
{[%clk 0:00:24]} 25. Rd1 {[%clk 0:00:38]} Bc6 {[%clk 0:00:22]} 26. Rd2
{[%clk 0:00:34]} Rb8 {[%clk 0:00:23]} 27. h3 {[%clk 0:00:22]} Rxb2
{[%clk 0:00:18]} 28. Rxb2 {[%clk 0:00:22]} Nxb2 {[%clk 0:00:19]} 29. Ra6
{[%clk 0:00:21]} Bd7 {[%clk 0:00:18]} 30. Rd6 {[%clk 0:00:17]} Be6
{[%clk 0:00:20]} 31. Bd4 {[%clk 0:00:17]} Nc4 {[%clk 0:00:20]} 32. Ra6
{[%clk 0:00:15]} Bxd4 {[%clk 0:00:21]} 33. cxd4 {[%clk 0:00:16]} h5
{[%clk 0:00:21]} 34. f3 {[%clk 0:00:16]} h4 {[%clk 0:00:22]} 35. Kf2
{[%clk 0:00:17]} Kg6 {[%clk 0:00:23]} 36. Ra8 {[%clk 0:00:16]} Nd6
{[%clk 0:00:24]} 37. Ke3 {[%clk 0:00:11]} Nf5+ {[%clk 0:00:25]} 38. Kd3
{[%clk 0:00:13]} Nd6 {[%clk 0:00:24]} 39. Ra6 {[%clk 0:00:11]} Nc4
{[%clk 0:00:23]} 40. Ke2 {[%clk 0:00:10]} Kf5 {[%clk 0:00:23]} 41. Kf2
{[%clk 0:00:09]} Kf4 {[%clk 0:00:24]} 42. Rc6 {[%clk 0:00:07]} Nb2
{[%clk 0:00:21]} 43. Rb6 {[%clk 0:00:07]} Nc4 {[%clk 0:00:20]} 44. Rc6
{[%clk 0:00:08]} Kf5 {[%clk 0:00:20]} 45. Ra6 {[%clk 0:00:09]} Kf4
{[%clk 0:00:12]} 46. Rc6 1/2-1/2

[Event "Blitz 2018"]
[Site "Saint-Petersburg"]
[Date "2018.12.29"]
[Round "9"]
[Board "92"]
[White "Gaifullin Artur (RUS)"]
[Black "Teske Henrik (GER)"]
[Result "0-1"]
[BlackElo "2565"]
[WhiteElo "2231"]
[LiveChessVersion "1.4.8"]

1. d4 {[%clk 0:03:03]} Nf6 {[%clk 0:03:03]} 2. c4 {[%clk 0:03:04]} g6
{[%clk 0:03:04]} 3. Nc3 {[%clk 0:03:05]} Bg7 {[%clk 0:03:04]} 4. e4
{[%clk 0:03:06]} O-O {[%clk 0:03:04]} 5. Nge2 {[%clk 0:03:07]} c6
{[%clk 0:03:05]} 6. Ng3 {[%clk 0:03:02]} a6 {[%clk 0:03:03]} 7. h4
{[%clk 0:02:52]} b5 {[%clk 0:02:59]} 8. h5 {[%clk 0:02:49]} bxc4 {[%clk 0:02:59]}
9. hxg6 {[%clk 0:02:39]} fxg6 {[%clk 0:02:59]} 10. Bxc4+ {[%clk 0:02:37]} d5
{[%clk 0:02:59]} 11. exd5 {[%clk 0:02:31]} cxd5 {[%clk 0:02:58]} 12. Bb3
{[%clk 0:02:32]} Nc6 {[%clk 0:02:50]} 13. Bg5 {[%clk 0:02:24]} Be6
{[%clk 0:02:41]} 14. Rh4 {[%clk 0:02:11]} Qd7 {[%clk 0:02:31]} 15. Qd2
{[%clk 0:01:44]} Rf7 {[%clk 0:02:07]} 16. f3 {[%clk 0:01:21]} Na5
{[%clk 0:01:59]} 17. Ba4 {[%clk 0:01:21]} Qb7 {[%clk 0:01:46]} 18. Qe2
{[%clk 0:01:07]} Bd7 {[%clk 0:01:37]} 19. Bxd7 {[%clk 0:01:05]} Qxd7
{[%clk 0:01:38]} 20. O-O-O {[%clk 0:01:01]} Nc4 {[%clk 0:01:34]} 21. Re1
{[%clk 0:00:54]} Rb8 {[%clk 0:01:26]} 22. b3 {[%clk 0:00:55]} Nd6
{[%clk 0:01:21]} 23. Kb2 {[%clk 0:00:42]} Qc6 {[%clk 0:01:13]} 24. Qe6
{[%clk 0:00:35]} Rb6 {[%clk 0:01:05]} 25. Bxf6 {[%clk 0:00:33]} Bxf6
{[%clk 0:00:59]} 26. Nxd5 {[%clk 0:00:18]} Bxh4 {[%clk 0:00:55]} 27. Nxb6
{[%clk 0:00:19]} Bxg3 {[%clk 0:00:51]} 28. Rd1 {[%clk 0:00:19]} Qxb6
{[%clk 0:00:50]} 29. Qg4 {[%clk 0:00:20]} Bf4 {[%clk 0:00:49]} 30. g3
{[%clk 0:00:22]} Bh6 {[%clk 0:00:47]} 31. Qe6 {[%clk 0:00:22]} Bg7
{[%clk 0:00:47]} 32. Kb1 {[%clk 0:00:22]} Qb7 {[%clk 0:00:42]} 33. f4
{[%clk 0:00:22]} Qe4+ {[%clk 0:00:43]} 0-1

[Event "Blitz 2018"]
[Site "Saint-Petersburg"]
[Date "2018.12.29"]
[Round "9"]
[Board "93"]
[White "Iljin Artem (RUS)"]
[Black "Masrahi Abdulrahman A (KSA)"]
[Result "1-0"]
[BlackElo "1966"]
[WhiteElo "2525"]
[LiveChessVersion "1.4.8"]

1. Nf3 {[%clk 0:03:03]} d5 {[%clk 0:03:02]} 2. d4 {[%clk 0:03:03]} Nf6
{[%clk 0:03:03]} 3. c4 {[%clk 0:03:03]} c6 {[%clk 0:03:04]} 4. Qc2
{[%clk 0:03:03]} g6 {[%clk 0:02:59]} 5. Bf4 {[%clk 0:03:03]} Bf5 {[%clk 0:02:54]}
6. Qb3 {[%clk 0:03:03]} Qb6 {[%clk 0:02:52]} 7. e3 {[%clk 0:03:01]} Nbd7
{[%clk 0:02:44]} 8. Nc3 {[%clk 0:02:59]} e6 {[%clk 0:02:33]} 9. c5
{[%clk 0:02:21]} Qxb3 {[%clk 0:02:29]} 10. axb3 {[%clk 0:02:22]} Bg7
{[%clk 0:02:01]} 11. h3 {[%clk 0:01:49]} h5 {[%clk 0:01:57]} 12. b4
{[%clk 0:01:44]} O-O {[%clk 0:01:48]} 13. b5 {[%clk 0:00:55]} cxb5
{[%clk 0:01:34]} 14. Bxb5 {[%clk 0:00:23]} a6 {[%clk 0:01:30]} 15. Be2
{[%clk 0:00:23]} Rfc8 {[%clk 0:01:09]} 16. b4 {[%clk 0:00:15]} b6
{[%clk 0:00:39]} 17. O-O {[%clk 0:00:13]} bxc5 {[%clk 0:00:38]} 18. bxc5
{[%clk 0:00:14]} Nxc5 {[%clk 0:00:38]} 19. dxc5 {[%clk 0:00:14]} Ne4
{[%clk 0:00:36]} 20. Nxe4 {[%clk 0:00:11]} Bxa1 {[%clk 0:00:34]} 21. Nd6
{[%clk 0:00:12]} 1-0

[Event "Blitz 2018"]
[Site "Saint-Petersburg"]
[Date "2018.12.29"]
[Round "9"]
[Board "94"]
[White "Ovchinnikov Vsevolod (RUS)"]
[Black "Makarov Marat (RUS)"]
[Result "0-1"]
[BlackElo "2505"]
[WhiteElo "2375"]
[LiveChessVersion "1.4.8"]

1. d4 {[%clk 0:03:02]} Nf6 {[%clk 0:03:02]} 2. c4 {[%clk 0:03:03]} e6
{[%clk 0:03:03]} 3. Nf3 {[%clk 0:03:04]} Bb4+ {[%clk 0:03:03]} 4. Bd2
{[%clk 0:03:05]} a5 {[%clk 0:03:05]} 5. g3 {[%clk 0:03:06]} b6 {[%clk 0:03:06]}
6. Bg2 {[%clk 0:03:06]} Bb7 {[%clk 0:03:08]} 7. O-O {[%clk 0:03:06]} O-O
{[%clk 0:03:09]} 8. Bg5 {[%clk 0:03:07]} Be7 {[%clk 0:03:10]} 9. Nc3
{[%clk 0:02:43]} Ne4 {[%clk 0:03:10]} 10. Nxe4 {[%clk 0:02:42]} Bxe4
{[%clk 0:03:10]} 11. Bxe7 {[%clk 0:02:43]} Qxe7 {[%clk 0:03:11]} 12. Qd2
{[%clk 0:02:38]} d6 {[%clk 0:03:12]} 13. Qe3 {[%clk 0:02:30]} f5 {[%clk 0:03:13]}
14. Ne1 {[%clk 0:02:21]} Bxg2 {[%clk 0:03:11]} 15. Nxg2 {[%clk 0:02:21]} Nd7
{[%clk 0:02:52]} 16. Nf4 {[%clk 0:02:16]} Rae8 {[%clk 0:02:53]} 17. d5
{[%clk 0:02:14]} Nc5 {[%clk 0:02:54]} 18. dxe6 {[%clk 0:02:03]} Nxe6
{[%clk 0:02:54]} 19. Nd5 {[%clk 0:01:46]} Qf7 {[%clk 0:02:55]} 20. Qd2
{[%clk 0:01:28]} f4 {[%clk 0:02:56]} 21. Rae1 {[%clk 0:01:00]} Kh8
{[%clk 0:02:56]} 22. b3 {[%clk 0:00:57]} Qg6 {[%clk 0:02:51]} 23. Qd3
{[%clk 0:00:47]} Qg5 {[%clk 0:02:34]} 24. e3 {[%clk 0:00:36]} f3 {[%clk 0:02:32]}
25. Nf4 {[%clk 0:00:17]} Qg4 {[%clk 0:01:50]} 26. Qd5 {[%clk 0:00:08]} Ng5
{[%clk 0:01:21]} 27. h4 {[%clk 0:00:04]} Ne4 {[%clk 0:01:09]} 28. Rc1 0-1

[Event "Blitz 2018"]
[Site "Saint-Petersburg"]
[Date "2018.12.29"]
[Round "9"]
[Board "95"]
[White "Mamatov Melis (KGZ)"]
[Black "Hirneise Tobias (GER)"]
[Result "0-1"]
[BlackElo "2472"]
[WhiteElo "2213"]
[LiveChessVersion "1.4.8"]

1. e4 {[%clk 0:03:03]} c5 {[%clk 0:03:02]} 2. Nf3 {[%clk 0:03:03]} d6
{[%clk 0:03:04]} 3. d4 {[%clk 0:03:04]} cxd4 {[%clk 0:03:05]} 4. Nxd4
{[%clk 0:03:05]} Nf6 {[%clk 0:03:06]} 5. Nc3 {[%clk 0:03:07]} Nc6
{[%clk 0:03:08]} 6. Bg5 e6 7. Qd2 {[%clk 0:03:05]} a6 {[%clk 0:03:11]} 8. O-O-O
{[%clk 0:03:04]} Bd7 {[%clk 0:03:13]} 9. f4 {[%clk 0:02:57]} h6 {[%clk 0:03:14]}
10. Bxf6 {[%clk 0:02:50]} Qxf6 {[%clk 0:03:15]} 11. Nf3 {[%clk 0:02:42]} Qd8
{[%clk 0:03:16]} 12. e5 {[%clk 0:02:31]} dxe5 {[%clk 0:03:06]} 13. fxe5
{[%clk 0:02:28]} Qc7 {[%clk 0:03:07]} 14. Ne4 {[%clk 0:02:20]} O-O-O
{[%clk 0:03:01]} 15. Qc3 {[%clk 0:01:53]} Kb8 {[%clk 0:02:57]} 16. a3
{[%clk 0:01:47]} Be7 {[%clk 0:02:53]} 17. Be2 {[%clk 0:01:46]} Bc8
{[%clk 0:02:52]} 18. Nd6 {[%clk 0:01:34]} Rhf8 {[%clk 0:02:32]} 19. Nxc8
{[%clk 0:01:01]} Rxc8 {[%clk 0:02:26]} 20. Kb1 {[%clk 0:00:58]} Rfd8
{[%clk 0:02:22]} 21. Rxd8 {[%clk 0:00:44]} Rxd8 {[%clk 0:02:21]} 22. Rd1
{[%clk 0:00:44]} Rxd1+ {[%clk 0:02:22]} 23. Bxd1 {[%clk 0:00:45]} Qd7
{[%clk 0:02:15]} 24. Qd3 {[%clk 0:00:39]} Qxd3 {[%clk 0:02:08]} 25. cxd3
{[%clk 0:00:41]} Bc5 {[%clk 0:02:09]} 26. Ba4 {[%clk 0:00:18]} b5
{[%clk 0:02:05]} 27. Bd1 {[%clk 0:00:15]} Bd4 {[%clk 0:02:03]} 28. a4
{[%clk 0:00:08]} Bxe5 {[%clk 0:01:57]} 29. axb5 {[%clk 0:00:09]} axb5
{[%clk 0:01:58]} 30. Kc2 {[%clk 0:00:09]} Bf6 {[%clk 0:01:53]} 31. h3
{[%clk 0:00:09]} Kc7 {[%clk 0:01:54]} 32. Nd2 {[%clk 0:00:08]} Nb4+
{[%clk 0:01:52]} 33. Kb1 {[%clk 0:00:07]} Nxd3 {[%clk 0:01:52]} 34. Be2
{[%clk 0:00:08]} Nf4 {[%clk 0:01:46]} 35. Bf1 {[%clk 0:00:07]} Kb6
{[%clk 0:01:43]} 36. Ne4 {[%clk 0:00:08]} Be7 {[%clk 0:01:43]} 37. Ka2
{[%clk 0:00:07]} Nd5 {[%clk 0:01:43]} 38. Be2 {[%clk 0:00:05]} f5
{[%clk 0:01:27]} 39. Nd2 {[%clk 0:00:04]} e5 {[%clk 0:01:14]} 40. g4
{[%clk 0:00:05]} g6 {[%clk 0:01:13]} 41. gxf5 gxf5 {[%clk 0:01:14]} 42. Bf3
{[%clk 0:00:05]} e4 {[%clk 0:01:13]} 43. Bxe4 {[%clk 0:00:04]} fxe4
{[%clk 0:01:13]} 44. Nxe4 {[%clk 0:00:05]} Nf4 {[%clk 0:01:12]} 45. Nf2
{[%clk 0:00:06]} Bh4 {[%clk 0:01:07]} 46. Ng4 h5 {[%clk 0:01:07]} 47. Ne3
{[%clk 0:00:04]} Nxh3 {[%clk 0:01:05]} 48. Nf5 {[%clk 0:00:05]} Bf2
{[%clk 0:01:00]} 49. Kb3 {[%clk 0:00:06]} Nf4 {[%clk 0:00:59]} 50. Ne7
{[%clk 0:00:00]} 0-1

[Event "Blitz 2018"]
[Site "Saint-Petersburg"]
[Date "2018.12.29"]
[Round "9"]
[Board "96"]
[White "Alsulaymi Abdullah M (KSA)"]
[Black "Shinkevich Vitaly (RUS)"]
[Result "0-1"]
[BlackElo "2445"]
[WhiteElo "1833"]
[LiveChessVersion "1.4.8"]

1. e4 {[%clk 0:03:03]} c5 {[%clk 0:03:03]} 2. b4 {[%clk 0:03:04]} e5
{[%clk 0:03:01]} 3. Nf3 {[%clk 0:03:04]} Nc6 {[%clk 0:02:45]} 4. b5
{[%clk 0:03:05]} Nd4 {[%clk 0:02:46]} 5. c4 {[%clk 0:02:46]} Nf6 {[%clk 0:02:40]}
6. Nc3 {[%clk 0:02:45]} Bd6 {[%clk 0:02:28]} 7. d3 {[%clk 0:02:45]} Bc7
{[%clk 0:02:25]} 8. Bd2 {[%clk 0:02:37]} a6 {[%clk 0:02:23]} 9. bxa6
{[%clk 0:02:35]} Rxa6 10. Be2 {[%clk 0:02:35]} O-O {[%clk 0:02:17]} 11. O-O
{[%clk 0:02:36]} d6 {[%clk 0:02:15]} 12. h3 {[%clk 0:02:33]} Bd7 {[%clk 0:02:12]}
13. Nd5 {[%clk 0:02:22]} Nxd5 {[%clk 0:02:12]} 14. exd5 {[%clk 0:02:22]} Nxe2+
{[%clk 0:02:11]} 15. Qxe2 {[%clk 0:02:22]} b5 {[%clk 0:02:12]} 16. Rfc1
{[%clk 0:02:18]} Qa8 {[%clk 0:02:09]} 17. Bc3 {[%clk 0:02:07]} b4
{[%clk 0:02:09]} 18. Be1 {[%clk 0:01:58]} Ra3 {[%clk 0:01:56]} 19. d4
{[%clk 0:01:53]} exd4 {[%clk 0:01:51]} 20. Qe7 {[%clk 0:01:54]} Qd8
{[%clk 0:01:52]} 21. Qe4 {[%clk 0:01:46]} Qf6 {[%clk 0:01:49]} 22. Bd2
{[%clk 0:01:37]} h6 {[%clk 0:01:50]} 23. Re1 {[%clk 0:01:34]} Bxh3
{[%clk 0:01:45]} 24. Bf4 {[%clk 0:01:21]} Bf5 {[%clk 0:01:36]} 25. Qe7
{[%clk 0:01:18]} Qxe7 {[%clk 0:01:34]} 26. Rxe7 {[%clk 0:01:19]} Bb8
{[%clk 0:01:32]} 27. Rb7 {[%clk 0:01:00]} g5 {[%clk 0:01:28]} 28. Bc1
{[%clk 0:00:53]} Ra7 {[%clk 0:01:26]} 29. Rxa7 {[%clk 0:00:46]} Bxa7
{[%clk 0:01:27]} 30. a4 {[%clk 0:00:42]} Re8 {[%clk 0:01:21]} 31. Bd2
{[%clk 0:00:43]} b3 {[%clk 0:01:21]} 32. Bc1 {[%clk 0:00:29]} Bd3
{[%clk 0:01:17]} 33. a5 {[%clk 0:00:27]} Bxc4 {[%clk 0:01:17]} 34. a6
{[%clk 0:00:25]} Bxd5 {[%clk 0:01:18]} 35. Rb1 {[%clk 0:00:19]} c4 36. Ra1 0-1

[Event "Blitz 2018"]
[Site "Saint-Petersburg"]
[Date "2018.12.29"]
[Round "9"]
[Board "97"]
[White "Borisenko Viacheslav (UKR)"]
[Black "Kobo Ori (ISR)"]
[Result "1/2-1/2"]
[BlackElo "2401"]
[WhiteElo "2444"]
[LiveChessVersion "1.4.8"]

1. e4 {[%clk 0:03:02]} g6 {[%clk 0:03:02]} 2. d4 {[%clk 0:03:02]} Bg7
{[%clk 0:03:02]} 3. Nf3 {[%clk 0:03:02]} d6 {[%clk 0:03:02]} 4. h3
{[%clk 0:03:02]} Nf6 {[%clk 0:03:02]} 5. Bd3 {[%clk 0:03:02]} O-O
{[%clk 0:03:02]} 6. O-O {[%clk 0:03:02]} Nbd7 {[%clk 0:03:02]} 7. Re1
{[%clk 0:02:56]} e5 {[%clk 0:03:03]} 8. c3 {[%clk 0:02:57]} b6 {[%clk 0:02:59]}
9. a4 {[%clk 0:02:56]} a5 {[%clk 0:02:57]} 10. Na3 {[%clk 0:02:57]} Bb7
{[%clk 0:02:58]} 11. Nb5 {[%clk 0:02:58]} Re8 {[%clk 0:02:47]} 12. Qc2
{[%clk 0:02:59]} h6 {[%clk 0:02:29]} 13. b3 {[%clk 0:03:00]} Nh5 {[%clk 0:02:23]}
14. d5 {[%clk 0:02:46]} Nc5 {[%clk 0:02:20]} 15. Bf1 {[%clk 0:02:43]} c6
{[%clk 0:02:11]} 16. dxc6 {[%clk 0:02:41]} Bxc6 {[%clk 0:02:12]} 17. Ba3
{[%clk 0:02:33]} Qe7 {[%clk 0:01:41]} 18. Rad1 {[%clk 0:02:32]} Rad8
{[%clk 0:01:42]} 19. Nd2 {[%clk 0:02:16]} Nf6 {[%clk 0:01:18]} 20. f3
{[%clk 0:02:07]} Nh5 {[%clk 0:01:15]} 21. Nc4 {[%clk 0:02:08]} Bxb5
{[%clk 0:01:16]} 22. axb5 {[%clk 0:02:10]} Qc7 {[%clk 0:01:16]} 23. Rd2
{[%clk 0:01:48]} Bf8 {[%clk 0:01:10]} 24. Red1 {[%clk 0:01:45]} Ng3
{[%clk 0:01:08]} 25. Ne3 {[%clk 0:01:42]} Re6 {[%clk 0:01:00]} 26. Bc4
{[%clk 0:01:40]} h5 {[%clk 0:00:47]} 27. b4 {[%clk 0:01:19]} Nb7 {[%clk 0:00:38]}
28. bxa5 Bh6 29. Kf2 {[%clk 0:01:16]} Bxe3+ {[%clk 0:00:38]} 30. Kxe3
{[%clk 0:01:14]} Qxc4 {[%clk 0:00:35]} 31. a6 Nc5 {[%clk 0:00:35]} 32. Bxc5
{[%clk 0:00:41]} Qxc5+ 33. Kd3 Qxb5+ 34. Ke3 Qc5+ {[%clk 0:00:35]} 35. Kd3 d5 36.
Qb3 {[%clk 0:00:39]} dxe4+ {[%clk 0:00:35]} 37. Kc2 {[%clk 0:00:41]} Rxd2+
{[%clk 0:00:28]} 38. Rxd2 {[%clk 0:00:42]} Qa5 {[%clk 0:00:23]} 39. Rd8+
{[%clk 0:00:30]} Kg7 {[%clk 0:00:24]} 40. Rd7 {[%clk 0:00:32]} Kf6
{[%clk 0:00:16]} 41. a7 {[%clk 0:00:27]} e3 {[%clk 0:00:13]} 42. Qc4
{[%clk 0:00:06]} e2 {[%clk 0:00:08]} 43. Qh4+ Kg7 44. Qxg3 {[%clk 0:00:08]} Qa2+
{[%clk 0:00:11]} 45. Kd3 e4+ 46. fxe4 {[%clk 0:00:08]} Qb1+ {[%clk 0:00:06]} 47.
Kxe2 {[%clk 0:00:04]} Qxe4+ {[%clk 0:00:05]} 48. Kd2 {[%clk 0:00:04]} Qa4
{[%clk 0:00:04]} 49. Qd3 {[%clk 0:00:05]} Qa2+ {[%clk 0:00:05]} 50. Kd1
{[%clk 0:00:05]} Qa1+ {[%clk 0:00:06]} 51. Kc2 {[%clk 0:00:06]} Qa2+ 52. Kd1 Qa1+
53. Kc2 Qa2+ 54. Kd1 Qa4+ {[%clk 0:00:06]} 55. Kd2 {[%clk 0:00:11]} Qf4+
{[%clk 0:00:07]} 56. Kc2 {[%clk 0:00:10]} Qa4+ {[%clk 0:00:07]} 57. Kb2
{[%clk 0:00:11]} Re5 {[%clk 0:00:04]} 58. Qd4 {[%clk 0:00:08]} Qb5+
{[%clk 0:00:05]} 59. Kc2 {[%clk 0:00:08]} Qe2+ {[%clk 0:00:05]} 60. Kc1
{[%clk 0:00:08]} Qe1+ {[%clk 0:00:04]} 61. Kc2 {[%clk 0:00:09]} Qe2+
{[%clk 0:00:05]} 62. Qd2 {[%clk 0:00:10]} Qe4+ {[%clk 0:00:05]} 63. Qd3
{[%clk 0:00:09]} Qa4+ {[%clk 0:00:06]} 64. Kd2 {[%clk 0:00:06]} Qa2+
{[%clk 0:00:05]} 65. Kd1 {[%clk 0:00:06]} Qa1+ 66. Kd2 Qa2+ {[%clk 0:00:05]} 67.
Kd1 {[%clk 0:00:09]} Qa1+ {[%clk 0:00:05]} 68. Kd2 {[%clk 0:00:09]} Qa2+
{[%clk 0:00:04]} 69. Kd1 {[%clk 0:00:10]} Qa1+ {[%clk 0:00:04]} 70. Kc2
{[%clk 0:00:10]} Qa2+ {[%clk 0:00:05]} 71. Kd1 {[%clk 0:00:10]} Qa1+
{[%clk 0:00:05]} 72. Kd2 {[%clk 0:00:10]} Qa2+ {[%clk 0:00:06]} 73. Kd1
{[%clk 0:00:07]} Qa1+ {[%clk 0:00:07]} 74. Kd2 1/2-1/2